|
|
|
|
| LEADER |
00921nam a22002417a 4500 |
| 001 |
29598 |
| 003 |
BD-DhAAL |
| 005 |
20150817162743.0 |
| 008 |
150879s1984 bg bb 000 0 eng |
| 010 |
|
|
|a 84907008
|
| 040 |
|
|
|a DLC
|c DLC
|d DLC
|d BD-DhAAL
|
| 082 |
|
|
|2 22
|a 338.095492
|
| 245 |
1 |
0 |
|a BRAC's economic support programme in Manikganj : phase I: April' 76 to March '79
|
| 260 |
|
|
|a Dacca, :
|b Research and Evaluation Division, Bangladesh Rural Advancement Committee,
|c 1979.
|
| 300 |
|
|
|a 40 p. ;
|c 34 cm.
|
| 541 |
|
|
|e 29598
|
| 610 |
|
|
|a Bangladesh Rural Advancement Committee.
|9 13915
|
| 610 |
|
|
|a BRAC
|9 13916
|
| 650 |
|
|
|a Rural Development Bangladesh
|9 13917
|
| 740 |
0 |
|
|a Daulatpur baseline survey, 1982.
|
| 942 |
|
|
|2 ddc
|c BK
|
| 999 |
|
|
|c 35272
|d 35272
|
| 952 |
|
|
|0 0
|1 0
|2 ddc
|4 0
|6 338_095492000000000_BRA
|7 0
|9 55328
|a BRACUL
|b BRACUL
|c BRS
|d 2015-08-17
|l 1
|o 338.095492 BRA
|p 3010029598
|r 2025-12-30
|s 2025-03-23
|t 1
|w 2015-08-17
|y BK
|